Introduction to information systems : (Record no. 117)
[ view plain ]
| 000 -LEADER | |
|---|---|
| fixed length control field | 04283cam a22003494a 4500 |
| 001 - CONTROL NUMBER | |
| control field | 14064613 |
| 005 - DATE AND TIME OF LATEST TRANSACTION | |
| control field | 20260305101448.0 |
| 008 - FIXED-LENGTH DATA ELEMENTS--GENERAL INFORMATION | |
| fixed length control field | 050804s2007 njua b 001 0 eng |
| 010 ## - LIBRARY OF CONGRESS CONTROL NUMBER | |
| LC control number | 2005022367 |
| 020 ## - INTERNATIONAL STANDARD BOOK NUMBER | |
| International Standard Book Number | 0471736368 (pbk. : alk. paper) |
| 020 ## - INTERNATIONAL STANDARD BOOK NUMBER | |
| International Standard Book Number | 9780471736363 |
| 035 ## - SYSTEM CONTROL NUMBER | |
| System control number | (OCoLC)ocm61362038 |
| 040 ## - CATALOGING SOURCE | |
| Original cataloging agency | BSULIB |
| Transcribing agency | BSU |
| Modifying agency | BAKER |
| -- | C#P |
| -- | DLC |
| 042 ## - AUTHENTICATION CODE | |
| Authentication code | pcc |
| 050 00 - LIBRARY OF CONGRESS CALL NUMBER | |
| Classification number | T58.5 |
| Item number | .R35 2007 |
| 082 00 - DEWEY DECIMAL CLASSIFICATION NUMBER | |
| Classification number | 658.4 |
| Edition number | 22 |
| Item number | RAI |
| 100 1# - MAIN ENTRY--PERSONAL NAME | |
| Personal name | Rainer, R. Kelly. |
| 9 (RLIN) | 297 |
| 245 10 - TITLE STATEMENT | |
| Title | Introduction to information systems : |
| Remainder of title | supporting and transforming business / |
| Statement of responsibility, etc | R. Kelly Rainer, Jr., Efraim Turban, Richard E. Potter ; with contributions by Dana Newton. |
| 260 ## - PUBLICATION, DISTRIBUTION, ETC. (IMPRINT) | |
| Place of publication, distribution, etc | Hoboken, NJ : |
| Name of publisher, distributor, etc | Wiley, |
| Date of publication, distribution, etc | 2007. |
| 300 ## - PHYSICAL DESCRIPTION | |
| Extent | xiv, 411 p. : |
| Other physical details | ill. (chiefly col.) ; |
| Dimensions | 26 cm. |
| 504 ## - BIBLIOGRAPHY, ETC. NOTE | |
| Bibliography, etc | Includes bibliographical references (p. 381-386) and index. |
| 505 0# - FORMATTED CONTENTS NOTE | |
| Formatted contents note | Information systems : concepts and management -- 1.1 Information systems : concepts and definitions -- 1.2 Types of information systems -- 1.3 Examples of information systems -- 1.4 Managing information resources -- 1.5 The plan of this book -- The modern organization in the digital economy -- 2.1 Doing business in the digital economy -- 2.2 Business pressures, organizational responses, and IT support -- 2.3 Competitive advantage and strategic information systems -- 2.4 Why should you learn about information technology? -- Ethics, privacy, and information security -- 3.1 Ethical issues -- 3.2 Threats to information security -- 3.3 Protecting information resources -- Data and knowledge management -- 4.1 Managing data -- 4.2 The database approach -- 4.3 Database management systems -- 4.4 Data warehousing -- 4.5 Data visualization technologies -- 4.6 Knowledge management -- Network computing -- 5.1 Types of networks -- 5.2 The internet -- 5.3 The World Wide Web -- 5.4 Network applications -- 5.5 E-learning and distance learning -- 5.6 Telecommuting -- E-business and e-commerce -- 6.1 Overview of e-business and e-commerce -- 6.2 Business-to-consumer (B2C) electronic commerce -- 6.3 Business-to-business (B2B) electronic commerce -- 6.4 Electronic payments -- 6.5 Ethical and legal issues in e-business -- Wireless, mobile computing, and mobile commerce -- 7.1 Wireless technologies -- 7.2 Wireless computer networks and internet access -- 7.3 Mobile computing and mobile commerce -- 7.4 Pervasive computing -- 7.5 Wireless security -- Organizational information systems -- 8.1 Transaction processing systems -- 8.2 Functional information systems -- 8.3 Enterprise resource planning systems -- 8.4 Customer relationship management -- 8.5 Supply chain management systems -- 8.6 Electronic data interchange and extranets -- Managerial support systems -- 9.1 Managers and decision making -- 9.2 Decision support systems -- 9.3 Enterprise and executive decision support systems -- 9.4 Intelligent systems -- Acquiring IT applications -- 10.1 Planning for and justifying IT applications -- 10.2 Strategies for acquiring IT applications -- 10.3 The traditional systems development life cycle -- 10.4 Alternative methods and tools for systems development -- 10.5 Outsourcing and application service providers -- 10.6 Vendor and software selection -- Technology guide 1 Computer hardware -- Tg1.1 Introduction -- Tg1.2 The central processing unit -- Tg1.3 Computer memory -- Tg1.4 Computer hierarchy -- Tg1.5 Input and output technologies -- Tg1.6 General technological trends -- Tg1.7 Strategic hardware issues -- Technology guide 2 Introduction -- Tg 2.1 Significance of software -- Tg 2.2 Systems software -- Tg 2.3 Application software -- Tg 2.4 Software issues -- Tg 2.5 Programming languages. |
| 650 #0 - SUBJECT ADDED ENTRY--TOPICAL TERM | |
| Topical term or geographic name as entry element | Information technology. |
| 9 (RLIN) | 132 |
| 700 1# - ADDED ENTRY--PERSONAL NAME | |
| Personal name | Turban, Efraim. |
| 9 (RLIN) | 298 |
| 700 1# - ADDED ENTRY--PERSONAL NAME | |
| Personal name | Potter, Richard E. |
| 9 (RLIN) | 299 |
| 856 41 - ELECTRONIC LOCATION AND ACCESS | |
| Materials specified | Table of contents only |
| Uniform Resource Identifier | <a href="http://www.loc.gov/catdir/toc/ecip0518/2005022367.html">http://www.loc.gov/catdir/toc/ecip0518/2005022367.html</a> |
| 856 42 - ELECTRONIC LOCATION AND ACCESS | |
| Materials specified | Publisher description |
| Uniform Resource Identifier | <a href="http://www.loc.gov/catdir/enhancements/fy0645/2005022367-d.html">http://www.loc.gov/catdir/enhancements/fy0645/2005022367-d.html</a> |
| 856 42 - ELECTRONIC LOCATION AND ACCESS | |
| Materials specified | Contributor biographical information |
| Uniform Resource Identifier | <a href="http://www.loc.gov/catdir/enhancements/fy0814/2005022367-b.html">http://www.loc.gov/catdir/enhancements/fy0814/2005022367-b.html</a> |
| 906 ## - LOCAL DATA ELEMENT F, LDF (RLIN) | |
| a | 7 |
| b | cbc |
| c | orignew |
| d | 1 |
| e | ecip |
| f | 20 |
| g | y-gencatlg |
| 942 ## - ADDED ENTRY ELEMENTS (KOHA) | |
| Source of classification or shelving scheme | Dewey Decimal Classification |
| Item type | Books |
| Withdrawn status | Lost status | Source of classification or shelving scheme | Damaged status | Not for loan | Collection code | Home library | Current library | Shelving location | Date acquired | Source of acquisition | Inventory number | Total Checkouts | Full call number | Barcode | Date last seen | Copy number | Price effective from | Koha item type | Public note |
|---|---|---|---|---|---|---|---|---|---|---|---|---|---|---|---|---|---|---|---|
| Dewey Decimal Classification | Main Library | Main Library | Reserve Book Section | 26/09/2011 | Purchased | 24417 | 658.4 RAI | bsu26030023 | 26/09/2012 | 001 | 26/09/2012 | Books | Material available in hard copy | ||||||
| Dewey Decimal Classification | Main Library | Main Library | Reserve Book Section | 26/09/2011 | Purchased | 20787 | 658.4 RAI | bsu26030024 | 26/09/2012 | 002 | 26/09/2012 | Books | Material available in hard copy | ||||||
| Dewey Decimal Classification | Main Library | Main Library | Reserve Book Section | 26/09/2011 | Purchased | 25582 | 658.4 RAI | bsu26030025 | 26/09/2012 | 003 | 26/09/2012 | Books | Material available in hard copy |